| 000 | 01159cam a2200325 i 4500 | ||
|---|---|---|---|
| 001 | 18493381 | ||
| 003 | OSt | ||
| 005 | 20240215123436.0 | ||
| 008 | 150206s2014 gw a b 001 0 eng | ||
| 010 | _a 2015391233 | ||
| 020 | _a9783869223094 | ||
| 035 | _a(GyWOH)har140277037 | ||
| 040 |
_aDLC _beng _cDLC _erda |
||
| 042 | _apcc | ||
| 043 | _ae------ | ||
| 050 | 0 | 0 |
_aHT386.E85 _bH56 2014 |
| 082 |
_a307.76094 _bHIN |
||
| 100 | 1 |
_aHinse, Ton, _eauthor. _9120554 |
|
| 245 | 1 | 4 |
_aThe morphology of the times : _bEuropean cities and their historical growth / _cTon Hinse. |
| 260 |
_aBerlin. _bDom, _c2014. |
||
| 300 |
_a303 pages : _bmany illustrations (chiefly color) ; _c23 cm. |
||
| 490 | 0 |
_aGrundlagen (Berlin, Germany) ; _vv. 30 |
|
| 504 | _aIncludes bibliographical references (pages 297-303) and indexes. | ||
| 650 | 0 |
_aCities and towns _zEurope _xHistory. _9120555 |
|
| 650 | 0 |
_aCities and towns _xGrowth. _924240 |
|
| 650 | 0 |
_aCity planning _zEurope. _924320 |
|
| 906 |
_a7 _bcbc _corigres _d3 _encip _f20 _gy-gencatlg |
||
| 942 |
_2ddc _cBK _aSADA _k307.76094 HIN 2014 |
||
| 999 |
_c607772 _d607772 |
||